000 00530 a2200181 4500
003 OSt
005 20240119120057.0
008 240119b |||||||| |||| 00| 0 eng d
020 _a9788182719910
040 _coclc
082 _a297.61
_bHAS/N
100 1 _aHasan, Masudul
_9912
245 _aNalam Khaleefa Ali= Hadrat Ali Murtada /
_cMasudul Hasan
250 _a1st ed.
260 _aKozhikode:
_bIslamic Publishing House,
_c2020.
300 _a360p.
942 _2ddc
_cBK
_h297.61
_iHAS/N
_k297.61
_mHAS/N
999 _c43264
_d43264